Bioética, derecho y sociedad

Saved in:
書目詳細資料
主要作者: Casado, María (Author)
格式: 圖書
語言:西班牙语
出版: Madrid Trotta 1998
叢編:Colección Estructuras y Procesos. Serie Derecho
主題:
標簽: 添加標簽
沒有標簽, 成為第一個標記此記錄!

MARC

LEADER 00000nam a2200000 a 4500
001 UCM8391
003 CL-VaPUC
008 030314e19980000SP |||||||||||||||||spa|d
082 0 4 |a 174.957  |b CAS  |2 21 
100 0 |a Casado, María  |e author  |9 474427 
245 1 0 |a Bioética, derecho y sociedad 
300 |a 287 p 
942 |c BK 
945 |d 20030314 00:00:00  |a rbrito 
260 |a Madrid  |b Trotta  |c 1998 
650 7 |a BIOETICA Y DERECHO  |2 CL-VaPUC  |9 474428 
650 0 |a Ética  |9 255099 
650 0 |a Valores sociales  |9 309627 
650 0 |a Ética médica  |9 312024 
583 |a last modification  |c 20030314 00:00:00  |k Rodrigo Vera 
490 0 |a Colección Estructuras y Procesos. Serie Derecho 
999 |c 302911  |d 302909 
952 |0 0  |1 0  |4 0  |6 174_957000000000000_CAS_1998  |7 0  |8 DER_TF  |9 363743  |a BIBDER  |b BIBDER  |d 2019-11-21  |i 3846490  |l 1  |o 174.957 CAS 1998  |p 3846490  |r 2023-01-25  |s 2020-03-18  |w 2019-11-21  |x Ubicación 4to Piso  |y BK  |z Estos recursos deben solicitarse con anticipación  |k DER